MARC

LEADER 00000nam0a2200000 4500
001 150133
005 20231101221450.0
020 |a RU  |b 86-72919 
035 |a (RuTPU)RU\TPU\book\162747 
090 |a 150133 
100 |a 20081225d1986 m y0rusy5003 ca 
101 1 |a rus  |c ukr 
102 |a UA 
105 |a a z 000ay 
200 1 |a Владимир  |e роман  |e пер. с укр.  |f С. Д. Скляренко  |g пер. А. Дейч ; пер. И. Дорба 
210 |a Киев  |c Днiпро  |d 1986 
215 |a 517,[2] с.  |c ил. 
225 1 |a Радуга 
600 0 |a Владимир Святославич Красное Солнышко  |d I  |c князь Новгородский, Великий князь Киевский из династии Рюриковичей  |c Святой  |f ?-1015  |2 stltpush  |3 (RuTPU)RU\TPU\pers\9923 
606 1 |a Украинская литература  |2 stltpush  |3 (RuTPU)RU\TPU\subj\62974  |9 80028 
610 1 |a Киевское государство 
610 1 |a 10 век 
610 1 |a 11 век 
610 1 |a исторические романы 
675 |a 883  |v 3 
700 1 |a Скляренко  |b С. Д.  |g Семен Дмитриевич 
702 1 |a Дейч  |b А.  |4 730 
702 1 |a Дорба  |b И.  |4 730 
801 0 |a RU  |b RuMRKP  |c 19950704  |g psbo 
801 1 |a RU  |b 63413507  |c 20081225  |g PSBO 
801 2 |a RU  |b 63413507  |c 20200525  |g PSBO 
942 |c BK